MARC

LEADER 00000nam0a2200000 4500
001 142509
005 20231031142753.0
035 |a (RuTPU)RU\TPU\book\154437 
090 |a 142509 
100 |a 20080908d1969 m y0rusy50 ca 
101 0 |a rus 
102 |a RU 
105 |a a z 001zy 
200 1 |a Деформация и прочность льда  |f В. В. Лавров  |g Арктический и антарктический научно-исследовательский институт; под ред. Г. Н. Яковлева 
210 |a Ленинград  |c Гидрометеоиздат  |d 1969 
215 |a 207 с.  |c ил. 
320 |a Библиогр.: с. 199-204. 
610 1 |a лед 
610 1 |a деформация 
610 1 |a прочность 
610 1 |a строение 
610 1 |a механические свойства 
610 1 |a моделирование 
675 |a 551.311  |v 3 
700 1 |a Лавров  |b В. В.  |g Василий Васильевич 
702 1 |a Яковлев  |b Г. Н.  |4 340 
712 0 2 |a Арктический и антарктический научно-исследовательский институт  |2 stltpush  |3 (RuTPU)RU\TPU\col\11194 
801 1 |a RU  |b 63413507  |c 20080908  |g PSBO 
801 2 |a RU  |b 63413507  |c 20081209  |g PSBO 
942 |c BK